Role of trust building mechanisms as a necessity requirement of entry to e-business environment

Salvato in:
Dettagli Bibliografici
Autore principale: Tkáč, Michal, ml., 1984-
Natura: Capitolo di libro
Lingua:inglese
Tags: Aggiungi Tag
Nessun Tag, puoi essere il primo ad aggiungerne!!

MARC

LEADER 00000naa$a2200000$$$4500
001 0226246
005 20240502083605.4
041 0 |a eng 
044 |a AT 
245 1 0 |a Role of trust building mechanisms as a necessity requirement of entry to e-business environment  |c Michal Tkáč ml. 
100 1 |a Tkáč, Michal, ml., 1984-